[Event "I Open sub-2300 Ciudad de Albacete"]
[Site "Albacete ESP"]
[Date "2012.04.28"]
[Round "3.6"]
[White "Serna Lara, Sergio"]
[Black "Tierraseca Montero, Pablo"]
[Result "1-0"]
[WhiteElo "2228"]
[BlackElo "2129"]
[PlyCount "77"]
[EventDate "2012.04.27"]
[EventType "swiss"]
[EventRounds "9"]
[EventCountry "ESP"]
[Source "lmi"]
[SourceDate "2012.04.27"]

1. d4 d5 2. c4 c6 3. Nf3 Nf6 4. Nc3 dxc4 5. a4 Bf5 6. e3 e6 7. Bxc4 Bb4 8. O-O
O-O 9. Qe2 Bg4 10. h3 Bh5 11. Rd1 Nd5 12. Ne4 Bg6 13. Ng3 Bd6 14. Ne5 Qc7 15.
Nxg6 hxg6 16. Nf1 a5 17. e4 Nb6 18. Bb3 Na6 19. Bd2 Nb4 20. Rac1 Rad8 21. g3
Rd7 22. Kg2 Rc8 23. Be3 Be7 24. Nh2 Rcd8 25. Nf3 Bf6 26. h4 Nc8 27. Rh1 b6 28.
g4 Qb7 29. g5 Bxd4 30. Bxd4 Rxd4 31. Nxd4 Rxd4 32. Rhd1 e5 33. h5 gxh5 34. g6
c5 35. gxf7+ Kf8 36. Rxd4 exd4 37. Qxh5 Qxe4+ 38. Kg1 Ke7 39. Qg5+ 1-0

[Event "I Open sub-2300 Ciudad de Albacete"]
[Site "Albacete ESP"]
[Date "2012.04.28"]
[Round "3.7"]
[White "Varga, Mariano"]
[Black "Bas Mas, Jose Joaquin"]
[Result "1/2-1/2"]
[WhiteElo "2140"]
[BlackElo "2227"]
[PlyCount "74"]
[EventDate "2012.04.27"]
[EventType "swiss"]
[EventRounds "9"]
[EventCountry "ESP"]
[Source "lmi"]
[SourceDate "2012.04.27"]

1. d4 Nf6 2. c4 e6 3. Nc3 d5 4. cxd5 exd5 5. Bg5 Be7 6. e3 O-O 7. Bd3 Nbd7 8.
Nge2 Re8 9. O-O c6 10. Qc2 Nf8 11. f3 Be6 12. Nf4 Rc8 13. Rad1 N6d7 14. Bxe7
Qxe7 15. e4 dxe4 16. fxe4 Nb6 17. b3 Bg4 18. Be2 Bxe2 19. Qxe2 Rcd8 20. Rd3 Rd7
21. Qf2 Ne6 22. Nfe2 Red8 23. a4 a5 24. d5 Qc5 25. Rf3 cxd5 26. exd5 Qxf2+ 27.
R3xf2 Nc7 28. Nf4 Ncxd5 29. Nfxd5 Nxd5 30. Nxd5 Rxd5 31. Rxf7 R5d7 32. Rxd7
Rxd7 33. Rf5 b6 34. Rb5 Rd6 35. b4 axb4 36. Rxb4 Rf6 37. Rb5 Kf7 1/2-1/2

[Event "I Open sub-2300 Ciudad de Albacete"]
[Site "Albacete ESP"]
[Date "2012.04.28"]
[Round "3.8"]
[White "Peña Riasco, Alexander"]
[Black "Mingarro Carceller, Sergi"]
[Result "1-0"]
[WhiteElo "2219"]
[BlackElo "2101"]
[PlyCount "51"]
[EventDate "2012.04.27"]
[EventType "swiss"]
[EventRounds "9"]
[EventCountry "ESP"]
[Source "lmi"]
[SourceDate "2012.04.27"]

1. e4 e6 2. d4 d5 3. Nd2 Nf6 4. e5 Nfd7 5. Bd3 c5 6. c3 Nc6 7. Ne2 cxd4 8. cxd4
f6 9. Nf4 Nxd4 10. Qh5+ Ke7 11. Ng6+ hxg6 12. exf6+ Nxf6 13. Qxh8 Kf7 14. O-O
Nh5 15. Nb3 Nxb3 16. axb3 e5 17. Be3 b6 18. f4 e4 19. f5 Nf6 20. fxg6+ Kxg6 21.
Be2 Be6 22. Rxf6+ Kxf6 23. Rf1+ Ke5 24. Bf4+ Kd4 25. b4 e3 26. Qh7 1-0

[Event "I Open sub-2300 Ciudad de Albacete"]
[Site "Albacete ESP"]
[Date "2012.04.28"]
[Round "3.9"]
[White "Villaseñor Rubio, Emilio Jose"]
[Black "Diaz Velandia, Jose Manuel"]
[Result "1-0"]
[WhiteElo "2136"]
[BlackElo "2212"]
[PlyCount "81"]
[EventDate "2012.04.27"]
[EventType "swiss"]
[EventRounds "9"]
[EventCountry "ESP"]
[Source "lmi"]
[SourceDate "2012.04.27"]

1. e4 c6 2. d4 d5 3. e5 Bf5 4. Nc3 e6 5. g4 Bg6 6. Nge2 h6 7. Be3 b5 8. Ng3 Qh4
9. Be2 f6 10. f4 fxe5 11. fxe5 Bb4 12. a4 bxa4 13. Rxa4 a5 14. O-O Nd7 15. Na2
Nb6 16. Nxb4 Nxa4 17. Nxc6 Nb6 18. Bb5 Ne7 19. Nxa5+ Kd8 20. Qd2 Be8 21. Qb4
Bxb5 22. Qxb5 Rb8 23. Rf7 Nd7 24. Nc6+ Ke8 25. Rxe7+ Qxe7 26. Nxb8 Qd8 27. Nxd7
Qxd7 28. Qb8+ Qd8 29. Qxd8+ Kxd8 30. Kf2 Kd7 31. Ke2 g6 32. h4 g5 33. hxg5 hxg5
34. Nh5 Kc6 35. Kd3 Kb5 36. b3 Kb4 37. Ng7 Rh6 38. Bd2+ Ka3 39. Bxg5 Rg6 40.
Nxe6 Rxe6 41. c4 1-0

[Event "I Open sub-2300 Ciudad de Albacete"]
[Site "Albacete ESP"]
[Date "2012.04.28"]
[Round "3.10"]
[White "Nicolas Zapata, Irene"]
[Black "Enjuto Velasco, Roberto"]
[Result "1/2-1/2"]
[WhiteElo "2127"]
[BlackElo "2203"]
[PlyCount "54"]
[EventDate "2012.04.27"]
[EventType "swiss"]
[EventRounds "9"]
[EventCountry "ESP"]
[Source "lmi"]
[SourceDate "2012.04.27"]

1. c4 e6 2. g3 c5 3. Nf3 Nf6 4. Bg2 Be7 5. d4 cxd4 6. Nxd4 a6 7. O-O O-O 8. Nc3
Qc7 9. b3 d5 10. Qd3 e5 11. Nf5 Bxf5 12. Qxf5 dxc4 13. bxc4 Qxc4 14. Ne4 Nxe4
15. Bxe4 g6 16. Qxe5 Bd6 17. Qxd6 Qxe4 18. Bh6 Re8 19. Qf6 Qe5 20. Qxe5 Rxe5
21. Rab1 Rb5 22. Rxb5 axb5 23. Rd1 Nc6 24. Rd7 Rxa2 25. Rxb7 Rxe2 26. Rc7 Ne7
27. Kf1 Re6 1/2-1/2

[Event "I Open sub-2300 Ciudad de Albacete"]
[Site "Albacete ESP"]
[Date "2012.04.29"]
[Round "4.1"]
[White "Peña Riasco, Alexander"]
[Black "Gavilan Diaz, Mario"]
[Result "1/2-1/2"]
[WhiteElo "2219"]
[BlackElo "2256"]
[PlyCount "60"]
[EventDate "2012.04.27"]
[EventType "swiss"]
[EventRounds "9"]
[EventCountry "ESP"]
[Source "lmi"]
[SourceDate "2012.04.27"]

1. e4 e5 2. Nf3 Nc6 3. Bc4 Bc5 4. c3 Nf6 5. b4 Be7 6. d3 d6 7. Qb3 O-O 8. a4 a5
9. b5 Nb8 10. h3 c6 11. bxc6 bxc6 12. O-O Nbd7 13. Be3 Rb8 14. Qc2 d5 15. exd5
cxd5 16. Bb5 Qc7 17. Rc1 Bb7 18. Qe2 Rfe8 19. Nbd2 Bc6 20. c4 d4 21. Bg5 Bb4
22. Bh4 Nh5 23. Nf1 Nf4 24. Qd1 Nc5 25. Bg3 Ncxd3 26. Nxd4 exd4 27. Qxd3 Bd6
28. Bxf4 Bxf4 29. Re1 Be5 30. Rab1 Bf6 1/2-1/2

[Event "I Open sub-2300 Ciudad de Albacete"]
[Site "Albacete ESP"]
[Date "2012.04.29"]
[Round "4.2"]
[White "Garcia Romero, Benjamin Abel"]
[Black "Sanchez Botella, Luis Javier"]
[Result "0-1"]
[WhiteElo "2196"]
[BlackElo "2241"]
[PlyCount "80"]
[EventDate "2012.04.27"]
[EventType "swiss"]
[EventRounds "9"]
[EventCountry "ESP"]
[Source "lmi"]
[SourceDate "2012.04.27"]

1. Nf3 Nf6 2. c4 c5 3. Nc3 e6 4. g3 b6 5. Bg2 Bb7 6. O-O Be7 7. d4 cxd4 8. Nxd4
Bxg2 9. Kxg2 a6 10. f3 O-O 11. Be3 d6 12. Qb3 Qc7 13. Rfc1 Nbd7 14. Qd1 Rac8
15. b3 Rfd8 16. Rc2 Qb7 17. Rac1 Ng4 18. Bg1 Nc5 19. h3 Ne5 20. Be3 h6 21. Kf2
Ncd7 22. f4 Nc6 23. Qh1 Nf6 24. Qf3 Na5 25. Rd1 d5 26. cxd5 Nxd5 27. Nxd5 Rxd5
28. Rdc1 Rxc2 29. Rxc2 Bc5 30. b4 Bxb4 31. Qe4 Bc5 32. Nf3 Bxe3+ 33. Qxe3 b5
34. Ne5 Rd1 35. Rd2 Rxd2 36. Qxd2 Qb6+ 37. Qe3 Qc7 38. Qd4 Nc4 39. Nd7 Nd6 40.
Nc5 Qxc5 0-1

[Event "I Open sub-2300 Ciudad de Albacete"]
[Site "Albacete ESP"]
[Date "2012.04.29"]
[Round "4.3"]
[White "Jimenez Martinez, Jose Vicente"]
[Black "Villaseñor Rubio, Emilio Jose"]
[Result "1/2-1/2"]
[WhiteElo "2276"]
[BlackElo "2136"]
[PlyCount "51"]
[EventDate "2012.04.27"]
[EventType "swiss"]
[EventRounds "9"]
[EventCountry "ESP"]
[Source "lmi"]
[SourceDate "2012.04.27"]

1. d4 Nf6 2. c4 g6 3. Nc3 Bg7 4. e4 d6 5. f3 O-O 6. Be3 e5 7. d5 Nh5 8. Qd2 f5
9. exf5 gxf5 10. O-O-O Nd7 11. Be2 Nc5 12. Nh3 Bd7 13. Rdf1 a6 14. g4 Nf6 15.
Rhg1 fxg4 16. fxg4 b5 17. b4 Nce4 18. Nxe4 Nxe4 19. Qc2 Nf6 20. Ng5 e4 21. h4
Qe7 22. Bd4 h6 23. Nh3 Nh7 24. Bxg7 Qxg7 25. Qb2 bxc4 26. Qxg7+ 1/2-1/2

[Event "I Open sub-2300 Ciudad de Albacete"]
[Site "Albacete ESP"]
[Date "2012.04.29"]
[Round "4.4"]
[White "Bermejo Martinez, Jorge"]
[Black "Varga, Mariano"]
[Result "1-0"]
[WhiteElo "2267"]
[BlackElo "2140"]
[PlyCount "61"]
[EventDate "2012.04.27"]
[EventType "swiss"]
[EventRounds "9"]
[EventCountry "ESP"]
[Source "lmi"]
[SourceDate "2012.04.27"]

1. d4 Nf6 2. g3 e6 3. c4 Bb4+ 4. Bd2 Qe7 5. Nf3 b6 6. Bg2 Bb7 7. O-O O-O 8. Bg5
h6 9. Bxf6 Qxf6 10. Qd3 Re8 11. a3 Bd6 12. Nc3 a6 13. b4 Qg6 14. e4 Be7 15. Qe3
d6 16. e5 Qh7 17. exd6 cxd6 18. d5 Nd7 19. dxe6 Bf6 20. exf7+ Kxf7 21. Qd2 Rad8
22. Rac1 Ne5 23. Nxe5+ dxe5 24. Bd5+ Kf8 25. Qe3 Bxd5 26. Nxd5 Bg5 27. Qf3+ Kg8
28. Rcd1 e4 29. Qg4 e3 30. fxe3 Re4 31. Qxg5 1-0

[Event "I Open sub-2300 Ciudad de Albacete"]
[Site "Albacete ESP"]
[Date "2012.04.29"]
[Round "4.5"]
[White "Bas Mas, Jose Joaquin"]
[Black "Sos Andreu, Eric"]
[Result "1/2-1/2"]
[WhiteElo "2227"]
[BlackElo "2143"]
[PlyCount "32"]
[EventDate "2012.04.27"]
[EventType "swiss"]
[EventRounds "9"]
[EventCountry "ESP"]
[Source "lmi"]
[SourceDate "2012.04.27"]

1. e4 c6 2. d4 d5 3. exd5 cxd5 4. c4 Nf6 5. Nc3 Be6 6. Nge2 dxc4 7. Nf4 Bg4 8.
Qa4+ Bd7 9. Qxc4 e6 10. Be2 Bc6 11. O-O Nbd7 12. Be3 Nb6 13. Qb3 Be7 14. Nd3
Nbd7 15. f4 O-O 16. f5 Nd5 1/2-1/2

[Event "I Open sub-2300 Ciudad de Albacete"]
[Site "Albacete ESP"]
[Date "2012.04.29"]
[Round "4.6"]
[White "Ferreruela Romero, Jose Joaquin"]
[Black "Escudero Manzano, Alejandro"]
[Result "0-1"]
[WhiteElo "2020"]
[BlackElo "2210"]
[PlyCount "122"]
[EventDate "2012.04.27"]
[EventType "swiss"]
[EventRounds "9"]
[EventCountry "ESP"]
[Source "lmi"]
[SourceDate "2012.04.27"]

1. d4 Nf6 2. c4 c5 3. d5 g6 4. Nc3 d6 5. e4 Bg7 6. f4 O-O 7. Nf3 e6 8. dxe6
Bxe6 9. Bd3 Bg4 10. O-O Nc6 11. Qe1 Re8 12. Qg3 Bxf3 13. Qxf3 Nd4 14. Qh3 a6
15. f5 Nd7 16. Bh6 f6 17. fxg6 hxg6 18. Nd5 Re5 19. Bf4 Rh5 20. Qg3 Nf8 21. Qf2
Nde6 22. Bd2 Nd7 23. Bc3 Kf7 24. Be2 Rh8 25. Bg4 Re8 26. Rae1 Nef8 27. Bxd7
Nxd7 28. Qg3 Ne5 29. Bxe5 Rxe5 30. Qf3 Qh8 31. Qb3 Rb8 32. Qa4 Qe8 33. Qc2 b5
34. cxb5 axb5 35. Nc7 Qd7 36. Nd5 Qe6 37. a3 Rh8 38. Qf2 Reh5 39. h3 Rg5 40.
Nf4 Qe5 41. Rd1 Qxe4 42. Rxd6 Re5 43. Rd7+ Re7 44. Rxe7+ Qxe7 45. Re1 Qd6 46.
Qf3 Rd8 47. Kh1 c4 48. Qb7+ Qd7 49. Qe4 f5 50. Qf3 Bxb2 51. Qg3 Rg8 52. Re6 g5
53. Rh6 gxf4 54. Rh7+ Rg7 55. Qh4 Rxh7 56. Qxh7+ Bg7 57. h4 Qd1+ 58. Kh2 Qg4
59. h5 Kf6 60. a4 bxa4 61. Kg1 f3 0-1

[Event "I Open sub-2300 Ciudad de Albacete"]
[Site "Albacete ESP"]
[Date "2012.04.29"]
[Round "4.7"]
[White "Enjuto Velasco, Roberto"]
[Black "Alcaraz Carcel, Antonio"]
[Result "1/2-1/2"]
[WhiteElo "2203"]
[BlackElo "2014"]
[PlyCount "80"]
[EventDate "2012.04.27"]
[EventType "swiss"]
[EventRounds "9"]
[EventCountry "ESP"]
[Source "lmi"]
[SourceDate "2012.04.27"]

1. Nf3 d5 2. d4 c6 3. c4 Nf6 4. Nc3 Qb6 5. e3 Bg4 6. Be2 e6 7. O-O Nbd7 8. Nd2
Bf5 9. a3 Be7 10. b4 O-O 11. c5 Qc7 12. Nb3 Ne4 13. Bb2 Bf6 14. Bd3 Nxc3 15.
Bxc3 Be7 16. a4 Bxd3 17. Qxd3 f5 18. f3 Bg5 19. Be1 Rae8 20. Bg3 Qc8 21. Rae1
Bd8 22. Bd6 Be7 23. Bg3 Bd8 24. Bd6 Be7 25. Bg3 g6 26. Nd2 b6 27. cxb6 axb6 28.
Qc3 Qa8 29. a5 Rc8 30. Ra1 Qa6 31. Nb3 Qb5 32. Be1 Ra8 33. Bd2 Bf6 34. Rfc1
Rfc8 35. axb6 Rxa1 36. Rxa1 Nxb6 37. Na5 Nd7 38. f4 c5 39. Nb3 c4 40. Ra5 Qb7
1/2-1/2

[Event "I Open sub-2300 Ciudad de Albacete"]
[Site "Albacete ESP"]
[Date "2012.04.29"]
[Round "4.8"]
[White "Prats Rodriguez, Juan Bosco"]
[Black "Lanza, Luciano"]
[Result "1-0"]
[WhiteElo "2028"]
[BlackElo "2184"]
[PlyCount "129"]
[EventDate "2012.04.27"]
[EventType "swiss"]
[EventRounds "9"]
[EventCountry "ESP"]
[Source "lmi"]
[SourceDate "2012.04.27"]

1. e4 c5 2. Nc3 a6 3. g3 b5 4. Bg2 Bb7 5. d3 e6 6. f4 b4 7. Nce2 Nf6 8. Nf3 Nc6
9. O-O Be7 10. e5 Ng4 11. h3 Nh6 12. g4 Qb6 13. Be3 f5 14. g5 Nf7 15. c3 O-O
16. Qe1 g6 17. Qf2 Rfc8 18. Rfc1 Na5 19. cxb4 Qxb4 20. Rc2 c4 21. dxc4 Nxc4 22.
Bd4 Be4 23. Rc3 Qb7 24. Rac1 Na5 25. Rxc8+ Rxc8 26. Rxc8+ Qxc8 27. Nc3 Bb7 28.
Ne1 Bxg2 29. Qxg2 Nc6 30. Be3 d6 31. exd6 Bxd6 32. Nd3 Nb4 33. Qd2 Qc6 34. Ne1
Bc5 35. a3 Bxe3+ 36. Qxe3 Nd5 37. Nxd5 Qxd5 38. Nd3 Nd6 39. Ne5 Qd1+ 40. Kg2
Ne4 41. Qd3 Qxd3 42. Nxd3 Kf7 43. Kf3 Ke7 44. Ke3 Kd6 45. Kd4 Ng3 46. b4 Ne2+
47. Kc4 Kc6 48. a4 Kb6 49. h4 Kc6 50. a5 Kb7 51. Nc5+ Ka7 52. Nxe6 Ng3 53. Kd5
Kb7 54. Nf8 Nh5 55. Ke5 Kc6 56. Nxh7 Kb5 57. Nf8 Kxb4 58. Nxg6 Kxa5 59. Ne7 Kb5
60. Nxf5 a5 61. Nd4+ Kc4 62. f5 a4 63. f6 a3 64. f7 a2 65. Nc2 1-0

[Event "I Open sub-2300 Ciudad de Albacete"]
[Site "Albacete ESP"]
[Date "2012.04.29"]
[Round "4.9"]
[White "Picazo Lopez, Juan Antonio"]
[Black "Nicolas Zapata, Irene"]
[Result "1-0"]
[WhiteElo "2169"]
[BlackElo "2127"]
[PlyCount "97"]
[EventDate "2012.04.27"]
[EventType "swiss"]
[EventRounds "9"]
[EventCountry "ESP"]
[Source "lmi"]
[SourceDate "2012.04.27"]

1. d4 Nf6 2. c4 e6 3. Nc3 Bb4 4. e3 b6 5. Nge2 Bb7 6. a3 Bd6 7. d5 exd5 8. cxd5
Qe7 9. g3 h5 10. h3 a5 11. Bg2 Na6 12. Rb1 Nc5 13. b4 axb4 14. axb4 Nce4 15.
O-O Nxc3 16. Nxc3 h4 17. Nb5 hxg3 18. Nxd6+ Qxd6 19. e4 Kd8 20. f4 Nxe4 21.
Bxe4 Rxh3 22. Qg4 Qh6 23. Qg5+ f6 24. Qxh6 Rxh6 25. Kg2 Ra2+ 26. Kxg3 Rah2 27.
Bg2 f5 28. Rd1 R2h4 29. Rb2 Rg4+ 30. Kf2 Rhg6 31. Bf3 Rh4 32. Rg1 Rd6 33. Kg3
Rhh6 34. Rd2 Ke7 35. Bb2 Kf7 36. Kf2 Rh7 37. Be5 Rh2+ 38. Rg2 Rxg2+ 39. Bxg2
Rg6 40. Bxc7 b5 41. Bf3 Rh6 42. Rd1 Ra6 43. Rd2 Rh6 44. Be2 Ba6 45. Rc2 Ke7 46.
Be5 Bb7 47. Rc5 Kd8 48. Rxb5 Rh2+ 49. Kg3 1-0

[Event "I Open sub-2300 Ciudad de Albacete"]
[Site "Albacete ESP"]
[Date "2012.04.29"]
[Round "4.10"]
[White "Martin Rueda, Daniel"]
[Black "Herms Agullo, Jordi"]
[Result "1-0"]
[WhiteElo "2289"]
[BlackElo "2095"]
[PlyCount "63"]
[EventDate "2012.04.27"]
[EventType "swiss"]
[EventRounds "9"]
[EventCountry "ESP"]
[Source "lmi"]
[SourceDate "2012.04.27"]

1. d4 Nf6 2. Bg5 g6 3. Bxf6 exf6 4. c4 Bg7 5. Nc3 O-O 6. e3 Re8 7. g3 f5 8.
Nge2 a5 9. Bg2 Ra6 10. Qd3 c6 11. O-O a4 12. Qc2 Qa5 13. c5 d5 14. cxd6 Bf8 15.
e4 Bxd6 16. e5 Bf8 17. Rad1 Nd7 18. Nf4 Nb6 19. d5 Rxe5 20. dxc6 bxc6 21. Bxc6
Rc5 22. Be8 Nc4 23. Nxa4 Re5 24. Bxf7+ Kxf7 25. Qxc4+ Kg7 26. Qxc8 Qxa4 27.
Rd7+ Re7 28. Rd8 Rc6 29. Qb8 Rf7 30. Qe5+ Kh6 31. Rd4 Rc4 32. b3 1-0

[Event "I Open sub-2300 Ciudad de Albacete"]
[Site "Albacete ESP"]
[Date "2012.04.29"]
[Round "5.1"]
[White "Sanchez Botella, Luis Javier"]
[Black "Bermejo Martinez, Jorge"]
[Result "0-1"]
[WhiteElo "2241"]
[BlackElo "2267"]
[PlyCount "150"]
[EventDate "2012.04.27"]
[EventType "swiss"]
[EventRounds "9"]
[EventCountry "ESP"]
[Source "lmi"]
[SourceDate "2012.04.27"]

1. Nf3 d6 2. d4 Bg4 3. c4 Bxf3 4. exf3 Nf6 5. Nc3 c6 6. Be2 g6 7. O-O Bg7 8.
Be3 O-O 9. Qd2 Na6 10. Bh6 Bxh6 11. Qxh6 Nc7 12. Rad1 d5 13. Rfe1 Ne6 14. Qd2
Qd6 15. c5 Qc7 16. Bf1 b6 17. cxb6 axb6 18. g3 Ng7 19. Bd3 c5 20. dxc5 bxc5 21.
b3 Ne6 22. Bf1 Nd4 23. Bg2 e6 24. Rc1 Qa5 25. Red1 Nd7 26. Na4 Qxd2 27. Rxd2
Ne5 28. Rc3 Rxa4 29. bxa4 Rb8 30. h3 Nc4 31. Rdc2 Nxc2 32. Rxc2 Rc8 33. Bf1 Ne5
34. Kg2 c4 35. f4 Nc6 36. a3 Nd4 37. Rc3 Kf8 38. a5 Nb5 39. Rc1 Nxa3 40. Ra1 c3
41. a6 c2 42. a7 Ra8 43. Bd3 Ke7 44. Kf3 Kd6 45. Ke2 Rxa7 46. Bxc2 Nb5 47. Rxa7
Nxa7 48. Ba4 Nc6 49. g4 Kc5 50. g5 Nd4+ 51. Kd3 Nf5 52. Be8 Nd6 53. Ba4 Ne4 54.
Ke3 Nd6 55. Kd3 Nb7 56. Be8 Nd6 57. Ba4 Kb6 58. f3 Ka5 59. Bd7 Kb6 60. Ba4 Kc7
61. Kd4 Kd8 62. Ke5 Ke7 63. Bb3 Nf5 64. Ba4 Nh4 65. Bd1 Ng2 66. Be2 Kd7 67.
Bb5+ Ke7 68. Be2 Ne1 69. Kd4 f6 70. Bf1 Nxf3+ 71. Ke3 Nh4 72. Bb5 Nf5+ 73. Kd3
fxg5 74. fxg5 Nd6 75. Ba4 Ne4 0-1

[Event "I Open sub-2300 Ciudad de Albacete"]
[Site "Albacete ESP"]
[Date "2012.04.29"]
[Round "5.2"]
[White "Gavilan Diaz, Mario"]
[Black "Prats Rodriguez, Juan Bosco"]
[Result "1-0"]
[WhiteElo "2256"]
[BlackElo "2028"]
[PlyCount "107"]
[EventDate "2012.04.27"]
[EventType "swiss"]
[EventRounds "9"]
[EventCountry "ESP"]
[Source "lmi"]
[SourceDate "2012.04.27"]

1. d4 d5 2. c4 dxc4 3. Nf3 a6 4. a4 Nf6 5. e3 Bg4 6. Bxc4 e6 7. O-O c5 8. h3
Bh5 9. Nc3 Nc6 10. Be2 Be7 11. Qb3 Qc7 12. Rd1 Rd8 13. dxc5 Rxd1+ 14. Bxd1 Bxc5
15. Bd2 O-O 16. Rc1 Rd8 17. Be1 Nb4 18. Nb5 axb5 19. Bxb4 bxa4 20. Qxa4 b6 21.
Bxc5 bxc5 22. b4 c4 23. Be2 c3 24. b5 h6 25. Nd4 Bg6 26. Bf3 Qc5 27. Qb3 c2 28.
b6 Rb8 29. b7 Nd5 30. Nxc2 Qc7 31. e4 Rxb7 32. Qa3 Ra7 33. Qb2 Rb7 34. Qa3 Ra7
35. Qb2 Rb7 36. Qd4 Nb4 37. Qd2 Na2 38. Rd1 Nc3 39. Re1 Nb1 40. Qd3 Qa5 41. Rd1
Nc3 42. Ra1 Rb1+ 43. Rxb1 Nxb1 44. g3 Nd2 45. Bg2 e5 46. Kh2 Kh7 47. Ne3 f6 48.
Nd5 Qa2 49. Ne7 Bf7 50. Nf5 Nb3 51. Qd7 Nc5 52. Qe7 Nxe4 53. Qf8 Kg6 54. Qxg7+
1-0

[Event "I Open sub-2300 Ciudad de Albacete"]
[Site "Albacete ESP"]
[Date "2012.04.29"]
[Round "5.3"]
[White "Rodriguez Boado, Martin"]
[Black "Serna Lara, Sergio"]
[Result "0-1"]
[WhiteElo "2170"]
[BlackElo "2228"]
[PlyCount "116"]
[EventDate "2012.04.27"]
[EventType "swiss"]
[EventRounds "9"]
[EventCountry "ESP"]
[Source "lmi"]
[SourceDate "2012.04.27"]

1. e4 e6 2. d4 d5 3. e5 c5 4. c3 Nc6 5. Nf3 Qb6 6. a3 Nh6 7. b4 cxd4 8. cxd4
Nf5 9. Bb2 Bd7 10. g4 Nfe7 11. Qd2 h5 12. Rg1 hxg4 13. Rxg4 Nf5 14. Nc3 Qd8 15.
Ne2 Nce7 16. Nf4 Nc8 17. Nd3 Bb5 18. Nc5 Bxf1 19. Kxf1 Rb8 20. Qd3 a6 21. Kg1
Nb6 22. Bc1 Nc4 23. Bf4 Qc8 24. Nd2 b6 25. Ncb3 Nxd2 26. Nxd2 Qb7 27. b5 a5 28.
Kh1 Rc8 29. Rgg1 Be7 30. Rac1 Kd7 31. a4 Rxc1 32. Rxc1 Rc8 33. Rc3 Rxc3 34.
Qxc3 Bb4 35. Qd3 Bxd2 36. Bxd2 Qc8 37. Bc3 Qc4 38. Qxc4 dxc4 39. Kg2 Ne7 40.
Kf3 Nd5 41. Bd2 Ke8 42. Ke4 Kf8 43. h4 Kg8 44. h5 Kh7 45. f3 Kg8 46. Bc1 Nc3+
47. Ke3 Kh7 48. Ba3 Nd5+ 49. Ke4 Kh6 50. Bf8 Kxh5 51. Bxg7 Kg5 52. Bf8 Nc3+ 53.
Ke3 Kf5 54. d5 Nxd5+ 55. Kd4 c3 56. Bh6 c2 57. Bd2 Nb4 58. Kc3 c1=Q+ 0-1

[Event "I Open sub-2300 Ciudad de Albacete"]
[Site "Albacete ESP"]
[Date "2012.04.29"]
[Round "5.4"]
[White "Villaseñor Rubio, Emilio Jose"]
[Black "Peña Riasco, Alexander"]
[Result "0-1"]
[WhiteElo "2136"]
[BlackElo "2219"]
[PlyCount "138"]
[EventDate "2012.04.27"]
[EventType "swiss"]
[EventRounds "9"]
[EventCountry "ESP"]
[Source "lmi"]
[SourceDate "2012.04.27"]

1. e4 d5 2. exd5 Qxd5 3. Nc3 Qa5 4. d4 Nf6 5. Nf3 c6 6. Bc4 Bf5 7. Bd2 e6 8.
Qe2 Bb4 9. Ne5 Nbd7 10. Nxd7 Nxd7 11. a3 Nf6 12. O-O-O Bxc3 13. Bxc3 Qc7 14. d5
cxd5 15. Bxd5 Nxd5 16. Rxd5 O-O 17. Rd4 Rfd8 18. Rc4 Qd6 19. g4 Bg6 20. h4 Qd5
21. Rg1 b5 22. Rc7 Qa2 23. b3 Rac8 24. Rd1 Rxd1+ 25. Qxd1 Qxa3+ 26. Bb2 Qf8 27.
Qd7 Rd8 28. Qxb5 Qd6 29. Be5 Qa3+ 30. Bb2 Qd6 31. Be5 Qd2+ 32. Kb1 a6 33. Qc5
Bxc2+ 34. Qxc2 Qe1+ 35. Ka2 Qxe5 36. Rc8 Qa5+ 37. Kb2 h6 38. f3 g6 39. Qc1 Rxc8
40. Qxc8+ Kg7 41. Qc4 e5 42. h5 gxh5 43. gxh5 Qb5 44. Qg4+ Kf6 45. Qg8 Qe2+ 46.
Ka3 Qxf3 47. Qh8+ Kg5 48. Qxe5+ Qf5 49. Qe2 Qe6 50. Qf3 f5 51. b4 f4 52. Kb2
Qc4 53. Ka3 Qd4 54. Ka4 Qd7+ 55. Ka3 Qe6 56. Kb2 Qd6 57. Kb3 Qd2 58. Kc4 Qe3
59. Qd5+ Kg4 60. Qf7 f3 61. Qg6+ Kh4 62. Qf6+ Kxh5 63. Qf5+ Kh4 64. Qf6+ Kg3
65. Qg6+ Kf2 66. Qf5 Kf1 67. Qh3+ Ke1 68. Qg3+ Qf2 69. Qh3 Qf1+ 0-1

[Event "I Open sub-2300 Ciudad de Albacete"]
[Site "Albacete ESP"]
[Date "2012.04.29"]
[Round "5.5"]
[White "Escudero Manzano, Alejandro"]
[Black "Picazo Lopez, Juan Antonio"]
[Result "0-1"]
[WhiteElo "2210"]
[BlackElo "2169"]
[PlyCount "52"]
[EventDate "2012.04.27"]
[EventType "swiss"]
[EventRounds "9"]
[EventCountry "ESP"]
[Source "lmi"]
[SourceDate "2012.04.27"]

1. e4 d5 2. exd5 Nf6 3. d4 Nxd5 4. c4 Nb6 5. Nf3 g6 6. Nc3 Bg7 7. c5 Nd5 8. Bc4
Nxc3 9. bxc3 O-O 10. O-O Nc6 11. h3 e5 12. Bb2 exd4 13. cxd4 b6 14. Bb5 Bd7 15.
Qc1 Ne5 16. Be2 Nxf3+ 17. Bxf3 Rb8 18. c6 Bf5 19. Qf4 Qe7 20. a4 Qb4 21. Ba3
Qxd4 22. Qxc7 Be5 23. Qe7 Qf4 24. Rfd1 Rfe8 25. Qxa7 Qh2+ 26. Kf1 Bxa1 0-1

[Event "I Open sub-2300 Ciudad de Albacete"]
[Site "Albacete ESP"]
[Date "2012.04.29"]
[Round "5.6"]
[White "Rodriguez Valencoso, Juan Carlos"]
[Black "Martin Rueda, Daniel"]
[Result "0-1"]
[WhiteElo "2160"]
[BlackElo "2289"]
[PlyCount "70"]
[EventDate "2012.04.27"]
[EventType "swiss"]
[EventRounds "9"]
[EventCountry "ESP"]
[Source "lmi"]
[SourceDate "2012.04.27"]

1. Nf3 c5 2. g3 Nc6 3. Bg2 g6 4. O-O Bg7 5. d3 d6 6. e4 e5 7. c3 Nge7 8. Be3
O-O 9. a3 h6 10. b4 b6 11. b5 Na5 12. Nfd2 d5 13. Nb3 Nxb3 14. Qxb3 Bb7 15. a4
a5 16. Na3 Kh7 17. Rad1 f5 18. f3 Qd7 19. d4 exd4 20. cxd4 c4 21. Qc2 Qd6 22.
Nb1 dxe4 23. fxe4 Bxe4 24. Bxe4 fxe4 25. Rxf8 Rxf8 26. Qxe4 Nd5 27. Bc1 Rf5 28.
Ba3 Qf6 29. g4 Qh4 30. Rf1 Rg5 31. Kh1 Nf6 32. Qf3 Nxg4 33. Bd6 Rf5 34. Bf4
Nxh2 35. Qf2 Qh3 0-1

[Event "I Open sub-2300 Ciudad de Albacete"]
[Site "Albacete ESP"]
[Date "2012.04.29"]
[Round "5.7"]
[White "Uran Bermudez, Oliver Kevin"]
[Black "Jimenez Martinez, Jose Vicente"]
[Result "1/2-1/2"]
[WhiteElo "2157"]
[BlackElo "2276"]
[PlyCount "166"]
[EventDate "2012.04.27"]
[EventType "swiss"]
[EventRounds "9"]
[EventCountry "ESP"]
[Source "lmi"]
[SourceDate "2012.04.27"]

1. e4 d6 2. d4 g6 3. Nc3 Bg7 4. Be3 a6 5. Nge2 Nd7 6. Qd2 b5 7. Nc1 Bb7 8. f3
c6 9. Be2 Qc7 10. O-O c5 11. Nd1 cxd4 12. Bxd4 Ngf6 13. a4 Qc6 14. Nb3 O-O 15.
Na5 Qc7 16. axb5 axb5 17. Bxb5 Nxe4 18. fxe4 Bxd4+ 19. Qxd4 Nc5 20. b4 Nxe4 21.
Nf2 Nc3 22. Qc4 Nxb5 23. Qxc7 Nxc7 24. Nxb7 Rab8 25. Na5 Rxb4 26. Rfb1 Rxb1+
27. Rxb1 Nd5 28. Nc6 Rc8 29. Rb8 Rxb8 30. Nxb8 Nb4 31. c3 Nd5 32. Nd1 Kf8 33.
Kf2 e6 34. Nc6 Ke8 35. Nb4 Nb6 36. Ke3 d5 37. Kd4 f6 38. Kc5 Nc4 39. Nc2 Kd7
40. Nde3 Nd2 41. Ng4 Ne4+ 42. Kd4 h5 43. Nge3 e5+ 44. Kd3 Nc5+ 45. Ke2 Ke6 46.
Nb4 d4 47. cxd4 exd4 48. Nec2 Nd7 49. Nxd4+ Kf7 50. Ke3 Ne5 51. Ke4 Nc4 52. Nd5
Nd6+ 53. Kd3 Ne8 54. Nb5 Ng7 55. Ke4 Nf5 56. Nf4 Ne7 57. Nd6+ Kg7 58. Nd5 Ng8
59. Nf4 Ne7 60. Ne6+ Kg8 61. Kd4 h4 62. Ke4 Kh7 63. Ne8 Kg8 64. Nd8 Nf5 65.
Nxf6+ Kg7 66. Ne8+ Kf8 67. Nc7 h3 68. gxh3 Ke7 69. Nb7 Kf6 70. Kf4 g5+ 71. Kf3
Kg6 72. Nd5 Kh5 73. Nc5 Kh4 74. Kg2 g4 75. Ne4 gxh3+ 76. Kf2 Nd4 77. Ne3 Ne6
78. Kf3 Nd4+ 79. Kf4 Ne2+ 80. Kf5 Nd4+ 81. Kg6 Nf3 82. Nf2 Ne5+ 83. Kh6 Ng4+
1/2-1/2